| 000 | 01063nam a2200265 a 4500 | ||
|---|---|---|---|
| 001 | BRCA_1749 | ||
| 005 | 20190320203531.0 | ||
| 008 | 200508s1999----mx-a######---#000-0#spa-# | ||
| 020 | _a9686340645 | ||
| 041 | _aspaeng | ||
| 044 | _amx | ||
| 050 | 4 |
_aND2646.A2 _b.B35 1999 |
|
| 100 | 1 |
_aBallesteros García, Víctor Manuel _95455 |
|
| 245 | 1 | 0 |
_aLa pintura mural del convento de Actopan = Mural paintings of the Actopan Convent _cVíctor Manuel Ballesteros García. |
| 260 |
_aMéxico _bUniversidad Autónoma del Estado de Hidalgo _c1999 |
||
| 300 |
_a143 p. _bil. a color _c22 cm. |
||
| 504 | _aBibliografía : p. 141-143 | ||
| 546 | _aTexto en : español e inglés | ||
| 610 | 2 | 4 |
_aConvento de San Nicolás Tolentino de Actopan (Actopan, Hidalgo, México) _95456 |
| 650 | 1 | 4 |
_aPintura mural mexicana _zMéxico - Actopan (Hidalgo) _95457 |
| 650 | 1 | 4 |
_aPintura mural agustiniana _zMéxico - Actopan (Hidalgo) _95458 |
| 650 | 1 | 4 |
_aPintura mural colonial _zMéxico - Actopan (Hidalgo) _95459 |
| 740 | 0 | _aMural paintings of the Actopan Convent | |
| 942 |
_2lcc _cB |
||
| 999 |
_c1533 _d1533 |
||